Countries Not Invaded by Britain on a Map Quiz Stats

 Plays Quiz Updated Jul 28, 2015

Challenge
Share
Tweet
Score 0/22 Timer 05:00
2 Plays Today
% Correct
Sweden
96.5%
Mongolia
94%
Paraguay
87.2%
Bolivia
85%
Andorra
84%
Vatican City
83.6%
Luxembourg
83.2%
Monaco
82.9%
Chad
76.9%
Liechtenstein
74.7%
Belarus
74%
% Correct
Mali
73.9%
Guatemala
72.4%
Uzbekistan
72.2%
Tajikistan
68.1%
CAR
68.1%
Côte d'Ivoire
64.7%
Kyrgyzstan
64.6%
Republic of the Congo
54.5%
Burundi
52.9%
Marshall Islands
48.8%
São Tomé and Príncipe
46.9%

You're not logged in!

Compare scores with friends on all Sporcle quizzes.
OR
Log In

You Might Also Like...

Show Comments

Extras

Top Quizzes Today


Score Distribution

Your Account Isn't Verified!

In order to create a playlist on Sporcle, you need to verify the email address you used during registration. Go to your Sporcle Settings to finish the process.

Report this User

Report this user for behavior that violates our Community Guidelines.

Details: